000 01065nam a22002417a 4500
003 OSt
005 20221013094058.0
008 220802t2008 ck a|||ar|||| 00| 1 spa d
020 _a9789583028878
040 _aCO - JMCR
_cCO - JMCR
041 0 _aspa
082 _aA /
_bMIDm
245 1 0 _aMi día
_cilustraciones, Dominic Zwemmer ; traducción, Érika Pulido Ovalle ; edición en español, César A. Cardozo Tovar
260 _aBogotá :
_bPanamericana,
_c©2008
300 _a[10 páginas] :
_bilustración a color ;
_c18 cm.
490 0 _aMi mundo en rosa
520 3 _aCon pequeñas hadas en cada página, tus cosas favoritas en deliciosos matices rosa, y toda clase de cosas brillantes, suaves y peludas para descubrir, MI DÍA es el libro perfecto de aprendizaje para aquellas chiquillas que están locas por el rosa.
650 1 4 _aVida cotidiana
_xÁlbum
_942407
700 1 _aZwemmer, Dominic,
_eilustrador
_942302
700 1 _aPulido Ovalle, Érika,
_etraductora
_942408
700 1 _aCardozo Tovar, César A.,
_eeditor
_942409
942 _2ddc
_cBK
999 _c29726
_d16110